000 00793nam a2200217Ia 4500
003 GCL
008 140319s9999 xx 000 0 ara d
020 _a2000619953
040 _aGCL /
_cGCL
082 0 4 _aم
_b953.0223
_bا ا
100 1 _aابراهيم حلمى الغورى
245 1 0 _aالاطلس الجغرافي للعالم الاسلامى اقتصاديا - جغرافيا /
_cابراهيم حلمى الغورى
700 1 _aسيف الدين الكاتب
260 _aبيروت :
_bدار الشرق العربى ،
_c2003
300 _a160 ص ؛
_c30سم
650 0 4 _aالخرائط
650 0 4 _aالاطالس التاريخية
650 0 4 _aالعالم الاسلامى - خرائط
650 0 4 _aالعالم العربى - خرائط
942 _2ddc
_cBK
999 _c33692
_d33692